<?xml version="1.0" encoding="UTF-8"?>
<record
    xmlns:xsi="http://www.w3.org/2001/XMLSchema-instance"
    xsi:schemaLocation="http://www.loc.gov/MARC21/slim http://www.loc.gov/standards/marcxml/schema/MARC21slim.xsd"
    xmlns="http://www.loc.gov/MARC21/slim">

  <leader>00733nam a22001337a 4500</leader>
  <datafield tag="040" ind1=" " ind2=" ">
    <subfield code="c">RUA</subfield>
  </datafield>
  <datafield tag="082" ind1=" " ind2=" ">
    <subfield code="a">AGR THE 2016 B604 Or.1</subfield>
  </datafield>
  <datafield tag="100" ind1=" " ind2=" ">
    <subfield code="a">THEANG ETH ,&#x1792;&#x17C0;&#x1784; &#x17A2;&#x17C2;&#x178F;</subfield>
  </datafield>
  <datafield tag="245" ind1=" " ind2=" ">
    <subfield code="a">effect of calcium carbon ate in rice substrate on growth and storability straw musthroom spawns in plastic bag,&#x17A5;&#x1791;&#x17D2;&#x1792;&#x17B7;&#x1796;&#x179B;&#x1793;&#x17C2;&#x17A2;&#x178F;&#x17D2;&#x179A;&#x17B6;&#x1780;&#x17C6;&#x1794;&#x17C4;&#x179A;&#x179B;&#x17BE;&#x1780;&#x17B6;&#x179A;&#x179B;&#x17BC;&#x178F;&#x179B;&#x17B6;&#x179F;&#x17CB;&#x1793;&#x17B7;&#x1784;&#x179A;&#x1799;&#x17C7;&#x1796;&#x17C1;&#x179B;&#x179F;&#x17D2;&#x178F;&#x17BB;&#x1794;&#x1791;&#x17BB;&#x1780;&#x1793;&#x17C2;&#x1795;&#x17D2;&#x179F;&#x17B7;&#x178F;&#x1785;&#x17C6;&#x1794;&#x17BE;&#x1784;&#x1794;&#x178E;&#x17D2;&#x178F;&#x17BB;&#x17C7;&#x1780;&#x17D2;&#x1793;&#x17BB;&#x1784;&#x1790;&#x1784;&#x17CB;&#x1794;&#x17D2;&#x179B;&#x17B6;&#x179F;&#x17D2;&#x1791;&#x17B7;&#x1785;</subfield>
  </datafield>
  <datafield tag="260" ind1=" " ind2=" ">
    <subfield code="a">phnom penh</subfield>
    <subfield code="b">rua</subfield>
    <subfield code="c">2016</subfield>
  </datafield>
  <datafield tag="300" ind1=" " ind2=" ">
    <subfield code="a">ix;37p;</subfield>
    <subfield code="b">ill;</subfield>
    <subfield code="c">29cm;</subfield>
  </datafield>
  <datafield tag="856" ind1=" " ind2=" ">
    <subfield code="u">https://drive.google.com/file/d/1WNBxtZQD9to3lnGtHFSPVSyCtC-znk8U/view?usp=sharing</subfield>
  </datafield>
  <datafield tag="942" ind1=" " ind2=" ">
    <subfield code="c">VEM</subfield>
  </datafield>
  <datafield tag="999" ind1=" " ind2=" ">
    <subfield code="c">17043</subfield>
    <subfield code="d">17043</subfield>
  </datafield>
  <datafield tag="952" ind1=" " ind2=" ">
    <subfield code="0">0</subfield>
    <subfield code="1">0</subfield>
    <subfield code="2">ddc</subfield>
    <subfield code="4">0</subfield>
    <subfield code="6">AGR_THE_2016_000000000000000_B604_OR_1</subfield>
    <subfield code="7">0</subfield>
    <subfield code="9">73470</subfield>
    <subfield code="a">LBB</subfield>
    <subfield code="b">LBB</subfield>
    <subfield code="c">B604</subfield>
    <subfield code="d">2018-07-20</subfield>
    <subfield code="o">AGR THE 2016 B604 Or.1</subfield>
    <subfield code="p">A30646</subfield>
    <subfield code="r">2018-07-20</subfield>
    <subfield code="w">2018-07-20</subfield>
    <subfield code="y">VEM</subfield>
  </datafield>
  <datafield tag="952" ind1=" " ind2=" ">
    <subfield code="0">0</subfield>
    <subfield code="1">0</subfield>
    <subfield code="2">ddc</subfield>
    <subfield code="4">0</subfield>
    <subfield code="6">AGR_THE_2016_000000000000000_B604_OR_2</subfield>
    <subfield code="7">0</subfield>
    <subfield code="9">73471</subfield>
    <subfield code="a">LBB</subfield>
    <subfield code="b">LBB</subfield>
    <subfield code="c">B604</subfield>
    <subfield code="d">2018-07-20</subfield>
    <subfield code="o">AGR THE 2016 B604 Or.2</subfield>
    <subfield code="p">A30452</subfield>
    <subfield code="r">2018-07-20</subfield>
    <subfield code="w">2018-07-20</subfield>
    <subfield code="y">VEM</subfield>
  </datafield>
  <datafield tag="952" ind1=" " ind2=" ">
    <subfield code="0">0</subfield>
    <subfield code="1">0</subfield>
    <subfield code="2">ddc</subfield>
    <subfield code="4">0</subfield>
    <subfield code="6">AGR_THE_2016_000000000000000_B604_OR_3</subfield>
    <subfield code="7">0</subfield>
    <subfield code="9">73472</subfield>
    <subfield code="a">LBB</subfield>
    <subfield code="b">LBB</subfield>
    <subfield code="c">B604</subfield>
    <subfield code="d">2018-07-20</subfield>
    <subfield code="o">AGR THE 2016 B604 Or.3</subfield>
    <subfield code="p">A30422</subfield>
    <subfield code="r">2018-07-20</subfield>
    <subfield code="w">2018-07-20</subfield>
    <subfield code="y">VEM</subfield>
  </datafield>
  <datafield tag="952" ind1=" " ind2=" ">
    <subfield code="0">0</subfield>
    <subfield code="1">0</subfield>
    <subfield code="2">ddc</subfield>
    <subfield code="4">0</subfield>
    <subfield code="6">AGR_THE_2016_000000000000000_B604_OR_4</subfield>
    <subfield code="7">0</subfield>
    <subfield code="9">73473</subfield>
    <subfield code="a">LBB</subfield>
    <subfield code="b">LBB</subfield>
    <subfield code="c">B604</subfield>
    <subfield code="d">2018-07-20</subfield>
    <subfield code="o">AGR THE 2016 B604 Or.4</subfield>
    <subfield code="p">A30497</subfield>
    <subfield code="r">2018-07-20</subfield>
    <subfield code="w">2018-07-20</subfield>
    <subfield code="y">VEM</subfield>
  </datafield>
  <datafield tag="952" ind1=" " ind2=" ">
    <subfield code="0">0</subfield>
    <subfield code="1">0</subfield>
    <subfield code="2">ddc</subfield>
    <subfield code="4">0</subfield>
    <subfield code="6">AGR_THE_2016_000000000000000_B604_OR_5</subfield>
    <subfield code="7">0</subfield>
    <subfield code="9">73474</subfield>
    <subfield code="a">LBB</subfield>
    <subfield code="b">LBB</subfield>
    <subfield code="c">B604</subfield>
    <subfield code="d">2018-07-20</subfield>
    <subfield code="o">AGR THE 2016 B604 Or.5</subfield>
    <subfield code="p">A30572</subfield>
    <subfield code="r">2018-07-20</subfield>
    <subfield code="w">2018-07-20</subfield>
    <subfield code="y">VEM</subfield>
  </datafield>
  <datafield tag="952" ind1=" " ind2=" ">
    <subfield code="0">0</subfield>
    <subfield code="1">0</subfield>
    <subfield code="2">ddc</subfield>
    <subfield code="4">0</subfield>
    <subfield code="6">AGR_THE_2016_000000000000000_B604_OR_6</subfield>
    <subfield code="7">0</subfield>
    <subfield code="9">73475</subfield>
    <subfield code="a">LBB</subfield>
    <subfield code="b">LBB</subfield>
    <subfield code="c">B604</subfield>
    <subfield code="d">2018-07-20</subfield>
    <subfield code="o">AGR THE 2016 B604 Or.6</subfield>
    <subfield code="p">A30626</subfield>
    <subfield code="r">2018-07-20</subfield>
    <subfield code="w">2018-07-20</subfield>
    <subfield code="y">VEM</subfield>
  </datafield>
  <datafield tag="952" ind1=" " ind2=" ">
    <subfield code="0">0</subfield>
    <subfield code="1">0</subfield>
    <subfield code="2">ddc</subfield>
    <subfield code="4">0</subfield>
    <subfield code="6">AGR_THE_2016_000000000000000_B604_OR_7</subfield>
    <subfield code="7">0</subfield>
    <subfield code="9">73476</subfield>
    <subfield code="a">LBB</subfield>
    <subfield code="b">LBB</subfield>
    <subfield code="c">B604</subfield>
    <subfield code="d">2018-07-20</subfield>
    <subfield code="l">6</subfield>
    <subfield code="m">1</subfield>
    <subfield code="o">AGR THE 2016 B604 Or.7</subfield>
    <subfield code="p">A30434</subfield>
    <subfield code="r">2024-01-16</subfield>
    <subfield code="s">2024-01-03</subfield>
    <subfield code="w">2018-07-20</subfield>
    <subfield code="y">VEM</subfield>
  </datafield>
  <datafield tag="952" ind1=" " ind2=" ">
    <subfield code="0">0</subfield>
    <subfield code="1">0</subfield>
    <subfield code="2">ddc</subfield>
    <subfield code="4">0</subfield>
    <subfield code="6">AGR_THE_2016_000000000000000_B604_OR_8</subfield>
    <subfield code="7">0</subfield>
    <subfield code="9">73477</subfield>
    <subfield code="a">LBB</subfield>
    <subfield code="b">LBB</subfield>
    <subfield code="c">B604</subfield>
    <subfield code="d">2018-07-20</subfield>
    <subfield code="o">AGR THE 2016 B604 Or.8</subfield>
    <subfield code="p">A30647</subfield>
    <subfield code="r">2018-07-20</subfield>
    <subfield code="w">2018-07-20</subfield>
    <subfield code="y">VEM</subfield>
  </datafield>
</record>
